000 00895 a2200217 4500
003 Nust
005 20221229191051.0
010 _a 92030189
020 _a0750604980 :?25.00
040 _cNust
082 0 0 _a621.3981,PAR
100 1 _aParr, E. A.
_941871
245 1 0 _aProgrammable controllers :
_ban engineer's guide /
_cE.A. Parr.
250 _a2nd ed.
260 _aOxford ;
_aBoston :
_bNewnes,
_c1993.
300 _ax, 325 p. :
_bill. ;
_c24 cm.
500 _aIncludes index.
505 _a Computers and Industrial (Page-1), Programming Techniques (Page-35), Programming Style (Page-108), Analog Signals Closed Loops Control and Intelligent Modules (Page-129), Distributed Systems (Page-172), The Man Machine Interface (Page-223), Industrial Control with Conventional Computers (Page-263), Practical Aspects (Page-280).
650 0 _aProgrammable controllers.
942 _2ddc
_cBK
999 _c183976
_d183976